000 00301nam a22000857a 4500
999 _c23540
_d23540
003 NUST
005 20170607133641.0
008 131217b xxu||||| |||| 00| 0 eng d
020 _cAvailable
040 _aDLC
_bDLC
_cRCMS
082 _a670 DEF
100 _aDepartment of defense
_92150
245 _aBying Commercial & Non Development Items: A Handbook
_cDepartment of defense
260 _aUnited States of America
_bDepartment of defence
_cApril 1996
300 _a39,p:
_bill:
_c30,cm.
538 _iShelf No 1 Row No 3
650 _aAcquisition and Technology
_92170
856 _3Table of Content Only
942 _2ddc
_cBK